Normal view
MARC view
Entry Nombre personal
001 - NÚMERO DE CONTROL
- campo de control: 117225
003 - IDENTIFICADOR DEL NÚMERO DE CONTROL
- campo de control: CHAP
005 - FECHA Y HORA DE LA ÚLTIMA TRANSACCIÓN
- campo de control: 20240920124903.0
008 - DATOS DE LONGITUD FIJA
- campo de control de longitud fija: 971020|| aznnnabb| un and |u
040 ## - FUENTE DE LA CATALOGACIÓN
- Centro catalogador/agencia de origen: mxchpua
- Centro/agencia transcriptor: CHAP
100 10 - ENCABEZAMIENTO-NOMBRE DE PERSONA
- Nombre de persona: Valadez Moctezuma, Ernestina
